000 00549nam a2200229Ia 4500
008 180523s9999 xx 000 0 und d
020 _a978-9812-533-11-1
050 _aMAIN QA 531
050 _b.Y68 2010
100 _aYoung, Cynthia.
245 0 _aTrigonometry /
245 0 _cCynthia Young.
250 _a2nd Edition
260 _aAustralia :
260 _bJohn Wiley & Sons,
260 _c2010
300 _a644 pages :
300 _billustrations ;
300 _c26 cm.
500 _aIncludes index.
650 _aTrigonometry.
999 _c357487
_d357487